| 000 | 00752nam a22002057a 4500 | ||
|---|---|---|---|
| 005 | 20250904111039.0 | ||
| 010 | _aENG-146613 | ||
| 020 |
_a9788192606255 _c125.00 |
||
| 035 | _aEN-130145 | ||
| 037 | _bDBAD | ||
| 082 |
_a362.88082 _22 |
||
| 100 |
_aKikon, Dolly _984695 |
||
| 245 |
_aLife and Dignity/ _cDolly Kikon _bWomen's Testimonies of Sexual violence in Dimapur (Nagaland) |
||
| 250 | _a2 | ||
| 260 |
_aGuwahati _bNorth Eastern Social Research Centre ( NESRC) _c2023 |
||
| 270 |
_a2nd Floor, Jagriti , Arunodoi Path, GMCH Road, Christian Basti _bGuwahati, Assam _k91-361-2340179 _e781005 _mnesrcghy@gmail.com |
||
| 300 |
_a110p. _c22cm(pbk) _bIll. |
||
| 490 | _aNERSC Monograph Series-1 | ||
| 942 |
_2ddc _cEN _h362.88082 _mKIK _e2 |
||
| 999 |
_c213316 _d213316 |
||